Law of Tort : Including compensation under the consumer protection act (Record no. 133904)

MARC details
000 -LEADER
fixed length control field 00437nam a2200157Ia 4500
008 - FIXED-LENGTH DATA ELEMENTS--GENERAL INFORMATION
fixed length control field 230917s9999||||xx |||||||||||||| ||und||
040 ## - CATALOGING SOURCE
-- 186830
Original cataloging agency VIVEKANANDA LIBRARY
041 ## - Language
-- English
082 ## - DDC NUMBER
Classification number 346.03 S64L(5)
100 ## - MAIN ENTRY--PERSONAL NAME
Personal name Singh, S P
245 #0 - TITLE STATEMENT
Title Law of Tort : Including compensation under the consumer protection act
250 ## - EDITION STATEMENT
Edition statement 5th ed.
260 ## - PUBLICATION, DISTRIBUTION, ETC. (IMPRINT)
Place of publication, distribution, etc New Delhi
Name of publisher, distributor, etc Universal Law Publishing
Date of publication, distribution, etc 2010
300 ## - PHYSICAL DESCRIPTION
Pages lvi, 380 p.
942 ## - ADDED ENTRY ELEMENTS (KOHA)
Koha item type Books
Holdings
Withdrawn status Lost status Damaged status Not for loan Location (home branch) Sublocation or collection (holding branch) Date acquired Koha issues (times borrowed) Koha full call number Accession No. Koha date last seen Koha item type
        VIVEKANANDA LIBRARY VIVEKANANDA LIBRARY 22/07/2011 8 346.03 S64L(5) 233286 09/12/2025 Books
        VIVEKANANDA LIBRARY VIVEKANANDA LIBRARY 22/07/2011 1 346.03 S64L(5) 316064 01/12/2023 Books
        VIVEKANANDA LIBRARY VIVEKANANDA LIBRARY 22/07/2011   346.03 S64L(5) 316065 17/09/2023 Books
        VIVEKANANDA LIBRARY VIVEKANANDA LIBRARY 22/07/2011 2 346.03 S64L(5) 316066 03/01/2025 Books
        VIVEKANANDA LIBRARY VIVEKANANDA LIBRARY 22/07/2011 1 346.03 S64L(5) 316067 14/10/2023 Books
        VIVEKANANDA LIBRARY VIVEKANANDA LIBRARY 22/07/2011   346.03 S64L(5) 316068 17/09/2023 Books
        VIVEKANANDA LIBRARY VIVEKANANDA LIBRARY 22/07/2011   346.03 S64L(5) 316069 17/09/2023 Books
        VIVEKANANDA LIBRARY VIVEKANANDA LIBRARY 22/07/2011   346.03 S64L(5) 316070 17/09/2023 Books
        VIVEKANANDA LIBRARY VIVEKANANDA LIBRARY 22/07/2011   346.03 S64L(5) 316071 17/09/2023 Books
        VIVEKANANDA LIBRARY VIVEKANANDA LIBRARY 22/07/2011   346.03 S64L(5) 316072 17/09/2023 Books
© Designed and Maintained by Vivekananda Library, MDU Rohtak